1 & 2 Peter / (Record no. 119777)
[ view plain ]
| 000 -LEADER | |
|---|---|
| fixed length control field | 02769cam a2200325 a 4500 |
| 001 - CONTROL NUMBER | |
| control field | 15768056 |
| 003 - CONTROL NUMBER IDENTIFIER | |
| control field | ARRUPE |
| 005 - DATE AND TIME OF LATEST TRANSACTION | |
| control field | 20140130130902.0 |
| 008 - FIXED-LENGTH DATA ELEMENTS--GENERAL INFORMATION | |
| fixed length control field | 090609s2009 miu b 001 0 eng |
| 010 ## - LIBRARY OF CONGRESS CONTROL NUMBER | |
| LC control number | 2009023400 |
| 020 ## - INTERNATIONAL STANDARD BOOK NUMBER | |
| International Standard Book Number | 9781587430978 (cloth) |
| 020 ## - INTERNATIONAL STANDARD BOOK NUMBER | |
| International Standard Book Number | 1587430975 (cloth) |
| 035 ## - SYSTEM CONTROL NUMBER | |
| System control number | (OCoLC)ocn263987732 |
| 040 ## - CATALOGING SOURCE | |
| Original cataloging agency | DLC |
| Transcribing agency | DLC |
| Modifying agency | BTCTA |
| -- | YDXCP |
| -- | MOF |
| -- | C#P |
| -- | CDX |
| -- | DLC |
| 050 00 - LIBRARY OF CONGRESS CALL NUMBER | |
| Classification number | BS2795.53 |
| Item number | .H36 2009 |
| 300 ## - PHYSICAL DESCRIPTION | |
| Dimensions | 24 cm. |
| 100 1# - MAIN ENTRY--PERSONAL NAME | |
| Personal name | Harink, Douglas Karel, |
| Dates associated with a name | 1953- |
| 9 (RLIN) | 7324 |
| 245 10 - TITLE STATEMENT | |
| Title | 1 & 2 Peter / |
| Statement of responsibility, etc | Douglas Harink. |
| 246 3# - VARYING FORM OF TITLE | |
| Title proper/short title | First and Second Peter |
| 246 3# - VARYING FORM OF TITLE | |
| Title proper/short title | 1 and 2 Peter |
| 260 ## - PUBLICATION, DISTRIBUTION, ETC. (IMPRINT) | |
| Place of publication, distribution, etc | London |
| Name of publisher, distributor, etc | SCM Press, |
| Date of publication, distribution, etc | 2009. |
| 300 ## - PHYSICAL DESCRIPTION | |
| Extent | 203 p. ; |
| 490 1# - SERIES STATEMENT | |
| Series statement | SCM theological commentary on the Bible |
| 504 ## - BIBLIOGRAPHY, ETC. NOTE | |
| Bibliography, etc | Includes bibliographical references and indexes. |
| 505 0# - FORMATTED CONTENTS NOTE | |
| Formatted contents note | Introduction -- 1 Peter -- 1 Peter 1 -- Apostle (1:1a) -- The people of God among the nations (1:1b) -- The Holy Trinity creates the people of God (1:2) -- Blessing God and living hope (1:3-5) -- Joy in the time of trial (1:6-9) -- Messianic interpretation (1:10-12) -- Hope and holiness (1:13-16) -- Exilic witness : holy reverence in redeemed time (1:17-21) -- Conceived by the Word (1:22-25) -- 1 Peter 2 -- Nourished by the Word (2:1-3) -- Cornerstone, temple, priesthood, nation (2:4-12) -- Messianic revolution (2:13-17) -- Social revolution (2:18-21) -- The original revolutionary (2:21-25) -- 1 Peter 3 -- Domestic revolution (3:1-7) -- Ecclesial revolution (3:8-12) -- Messianic proclamation (3:13-17) -- Messiah's proclamation (3:18-22) -- 1 Peter 4 -- What was (4:1-6) -- What is (4:7-11) -- What is to come (4:12-19) -- 1 Peter 5 -- Messianic leadership (5:1-5) -- The power of God for messianic life (5:6-11) -- Final greetings (5:12-14) -- 2 Peter -- 2 Peter 1 -- Simeon Peter (1:1a) -- Receiving faith through God's justice (1:1b-2) -- Sharing in divine nature (1:3-4) -- Faithful virtues (1:5-7) -- Growing in grace (1:8-11) -- Peter's imminent death (1:12-15) -- Transfiguration : Jesus Christ revealed in glory (1:16-18) -- The authority of prophecy and Scripture (1:19-21) -- Ascending the holy mountain : coda on 2 Peter 1 -- 2 Peter 2 -- Destructive opinions (2:1-3) -- God destroys and rescues : three stories of warning and hope (2:4-10a) -- Ad hominem (2:10b-18) -- Back into slavery (2:19-22) -- Descending into the abyss : coda on 2 Peter 2 -- 2 Peter 3 -- What parousia? (3:1-7) -- The day of the Lord (3:8-13) -- Final words (3:14-18). |
| 630 00 - SUBJECT ADDED ENTRY--UNIFORM TITLE | |
| Uniform title | Bible NT. |
| Name of part/section of a work | Peter |
| Form subdivision | Commentaries. |
| 9 (RLIN) | 7325 |
| 830 #0 - SERIES ADDED ENTRY--UNIFORM TITLE | |
| Uniform title | Brazos theological commentary on the Bible. |
| 9 (RLIN) | 7326 |
| 906 ## - LOCAL DATA ELEMENT F, LDF (RLIN) | |
| a | 7 |
| b | cbc |
| c | orignew |
| d | 1 |
| e | ecip |
| f | 20 |
| g | y-gencatlg |
| 942 ## - ADDED ENTRY ELEMENTS (KOHA) | |
| Source of classification or shelving scheme | Library of Congress Classification |
| Koha item type | Monograph ( Printed materials) |
| Withdrawn status | Lost status | Source of classification or shelving scheme | Damaged status | Not for loan | Home library | Current library | Shelving location | Date acquired | Total Checkouts | Full call number | Barcode | Date last seen | Price effective from | Koha item type |
|---|---|---|---|---|---|---|---|---|---|---|---|---|---|---|
| Library of Congress Classification | ARRUPE LIBRARY | ARRUPE LIBRARY | Main Collection | 30/01/2014 | BS2795.53 .H36 2009 | 46412141 | 01/08/2016 | 30/01/2014 | Monograph ( Printed materials) |